| 000 | 00667nam a22001937a 4500 | ||
|---|---|---|---|
| 005 | 20251108171228.0 | ||
| 008 | 250721s1993 xx 000 0 ara d | ||
| 082 | 1 | 4 | _a210.461/باش |
| 100 | 1 | _aباشا، حسان شمسي | |
| 245 | 1 | 0 | _aقبسات من الطب النبوي و الأدلة العلمية الحديثة / |
| 250 | _aط2 | ||
| 264 | 1 |
_aجدة : _bمكتبة السوادي للتوزيع، _c1993. |
|
| 300 | _a277ص | ||
| 490 | 0 | _aموسوعة الطب النبوي بين الإعجاز و العلم الحديث ؛ 4 | |
| 650 | 1 | 7 | _aالإسلام و الطب |
| 650 | 1 | 7 | _aالطب العربي |
| 942 |
_2ddc _cBK |
||
| 999 |
_c59886 _d59886 |
||